000 01842nam0a2200421 4500
001 RU\NLR\bibl\1991579
005 20260408190916.0
010 _a978-5-93615-118-7
021 _aRU
_b2012-100495
_97414
035 _a(NLR Aleph) 001980099
090 _a4078013
_c4078013
100 _a20130124d2012 u y0rusy50 ca
101 1 _arus
_cger
102 _aRU
105 _ay |||||||||
200 1 _aМистическое мировидение
_dMystische weltschau
_eпять образов русского символизма
_fФ.А. Степун
_gпер. с нем. Г. Снежинской [и др.]
_zger
210 _aСанкт-Петербург
_cВладимир Даль
_d2012
215 _a477, [2] с.
_d21
300 _aАвт. также на нем. яз.: Fedor Stepun
320 _aБиблиогр. в подстроч. примеч.
510 0 _6z73790
_aMystische weltschau
_zger
606 1 _aРусская литература
_xи философия
_z20 в.
_91544435
_3RU\NLR\auth\66974818
606 1 _aСимволизм
_xв литературе
_yРоссия
_91943788
_3RU\NLR\auth\66888508
606 1 _aФилософия русская
_xИстория
_z19 - 20 вв.
_92102380
_3RU\NLR\auth\661271356
606 _8rus
_aСимволизм (филос.)
_7ca
_3RU\NLR\auth\661258776
_92082748
686 _aШ5(2=Р)53-328.81
686 _aШ5(2=Р)53-304
686 _aЮ3(2)6-632
686 _aЮ3(2)6-678
686 _aЮ802.283.31
700 1 _4070
_8rus
_7ca
_aСтепун
_bФ.А.
_f1884-1965
_gФедор Августович
_3RU\NLR\auth\7710179
_9119961
790 1 _4070
_8rus
_7ba
_aStepun
_bF. A.
_f1884-1965
_gFedor Avgustovič
_3RU\NLR\auth\77120374
_9103299
801 0 _aRU
_bNLR
_c20130124
_gRCR
801 1 _aRU
_bNLR
_c20130124
942 _cBOOK
980 _aNBR
980 _aNB